| 000 | 00402nam a2200145Ia 4500 | ||
|---|---|---|---|
| 005 | 20250620013055.0 | ||
| 008 | 240331s9999 xx 000 0 und d | ||
| 082 |
_bPUN _a323 |
||
| 100 | _aPunchihewa, S.G | ||
| 245 | 0 | _aAyithiwasikam saha athulu paththa | |
| 260 |
_aDehiwala _bSarana Press & Publication |
||
| 300 | _a119 p ., | ||
| 500 | _aIn the Movement to protect Democratic rights | ||
| 942 | _cL | ||
| 999 |
_c2466 _d2466 |
||